LEADER 01143nam a2200241 i 4500 001 000000143660 003 CaOOAMICUS 005 20241001120236.0 008 051008s1963 it u000 u mul u 040 $aSeMil$bita 245 00$aDocumenti della celebrazione quadricentenaria dell'istituzione dei seminari decretata dal Concilio di Trento :$b15 giugno 1563 - 3-4 novembre 1963. 260 $aRoma :$b[s.n.],$c1963. 264 1$aRoma :$b[s.n.],$c1963. 300 $a47 p. ;$c24 cm. 546 $aTesto in italiano e latino 650 4$aSeminari - Storia.$0(OLS)http://semarc/subject/1176 850 $aSeMil 852 $aSeMil$W1$xVenegono$y1$m5C VI 7/27$j251174$B96718$CSeMilBibl$Z2$F104089 $81 961 $aRecupero: Biblioteca Seminario Saronno, poi Seveso 996 $6245$aDocumenti della celebrazione quadricentenaria dell'istituzione dei seminari decretata dal Concilio di Trento :$b15 giugno 1563 - 3-4 novembre 1963$9(OLS)http://semarc/title/210252 996 $6260$aRoma :$b[s.n.]$9(OLS)http://semarc/publisher/29738 996 $6264$aRoma :$b[s.n.]$9(OLS)http://semarc/publisher/29738 LEADER 01066nam a2200265 i 4500 001 000000048846 003 CaOOAMICUS 005 20090324000000.0 008 090324s1978 it u000 u ita u 013 $a20016 040 $aSeMil$bita 245 10$aCattolici e fascisti in Umbria (1922-1945) /$ca cura di Alberto Monticone. 260 $aBologna :$bIl Mulino,$ccopyr. 1978. 300 $a483 p. ;$c22 cm. 490 0 $aTemi e discussioni 500 $aFondo Conti. 650 4$aFascismo - Studi.$0(OLS)http://semarc/subject/4969 650 4$aMovimento cattolico - Italia.$0(OLS)http://semarc/subject/2567 700 1 $aMonticone, Alberto,$d<1931- >.$0(OLS)http://semarc/name/24195 830 0$aTemi e discussioni.$0(OLS)http://semarc/title/6883 850 $aSeMil 852 $aSeMil$W1$xVenegono$y1$m3A II 236$j15001$B15001$CSeMilBibl$Z2$F15001 $81 961 $aOmaggio: Conti Franco 996 $6245$aCattolici e fascisti in Umbria (1922-1945)$9(OLS)http://semarc/title/74018 996 $6260$aBologna :$bIl Mulino$9(OLS)http://semarc/publisher/29842